駅のない鉄道通過自治体 - Statistics

General Stats
  • This quiz has been taken 132 times
  • The average score is 15 of 39
Answer Stats
自治体名 都道府県 % Correct
綾瀬市 神奈川県
69%
十和田市 青森県
57%
知内町 北海道
50%
大衡村 宮城県
50%
五霞町 茨城県
50%
牧之原市 静岡県
50%
大和町 宮城県
47%
福島町 北海道
46%
清水町 静岡県
46%
榛東村 群馬県
44%
かすみがうら市 茨城県
43%
五戸町 青森県
42%
六戸町 青森県
42%
安八町 岐阜県
42%
蔵王町 宮城県
40%
上三川町 栃木県
40%
久御山町 京都府
40%
熊野町 広島県
40%
大郷町 宮城県
39%
塩谷町 栃木県
39%
宮若市 福岡県
39%
五城目町 秋田県
38%
天栄村 福島県
37%
阿見町 茨城県
37%
吉岡町 群馬県
37%
高山村 群馬県
36%
村田町 宮城県
35%
太子町 大阪府
35%
太子町 兵庫県
35%
安堵町 奈良県
33%
北島町 徳島県
33%
那珂川市 福岡県
33%
上峰町 佐賀県
33%
大玉村 福島県
32%
久山町 福岡県
29%
氷川町 熊本県
28%
多古町 千葉県
27%
鷹栖町 北海道
23%
南関町 熊本県
23%
No matching quizzes found
Score Distribution
Percent of People with Each Score
Percentile by Number Answered
Your Score History
You have not taken this quiz